[Event "Athens Acropolis op-B 24th"]
[Site "Chalkida"]
[Date "2009.08.13"]
[Round "3"]
[White "Boutsioukis, Dimitrios"]
[Black "Skiadopoulos, Nikolaos"]
[Result "0-1"]
[WhiteElo "1580"]
[BlackElo "2169"]
[PlyCount "34"]
[EventDate "2009.08.10"]
[EventType "swiss"]
[EventRounds "9"]
[EventCountry "GRE"]
[SourceTitle "CBM 132 Extra"]
[Source "ChessBase"]
[SourceDate "2009.11.03"]
[SourceVersion "1"]
[SourceVersionDate "2009.11.03"]
[SourceQuality "1"]

1. d4 Nf6 2. Bf4 d6 3. Nf3 g6 4. e3 Bg7 5. h3 c5 6. c3 0-0 7. Bd3 cxd4 8. cxd4 Nc6 9. a3 Qb6 10. Qd2 Na5 11. Qb4 Nb3 12. Qxb6 axb6 13. e4 Nxa1 14. Nbd2 Be6 15. d5 Bxd5 16. exd5 Nxd5 17. Bh2 Bxb2 0-1

[Event "Athens Acropolis op-B 24th"]
[Site "Chalkida"]
[Date "2009.08.10"]
[Round "1"]
[White "Boutsioukis, Dimitrios"]
[Black "Papadimitriou, Loukas"]
[Result "0-1"]
[WhiteElo "1580"]
[BlackElo "2187"]
[PlyCount "56"]
[EventDate "2009.08.10"]
[EventType "swiss"]
[EventRounds "9"]
[EventCountry "GRE"]
[SourceTitle "CBM 132 Extra"]
[Source "ChessBase"]
[SourceDate "2009.11.03"]
[SourceVersion "1"]
[SourceVersionDate "2009.11.03"]
[SourceQuality "1"]

1. d4 d5 2. Nf3 Nf6 3. e3 Bg4 4. h3 Bh5 5. c4 c6 6. Nbd2 e6 7. Qb3 Qb6 8. c5 Qc7 9. Bd3 Nbd7 10. 0-0 b6 11. e4 bxc5 12. exd5 cxd5 13. Bb1 c4 14. Qe3 Bd6 15. Re1 Bf4 16. Qa3 Bd6 17. Qe3 0-0 18. Nf1 Ne4 19. Bxe4 dxe4 20. Ng5 Nf6 21. Nxe4 Nd5 22. Qg5 Bg6 23. Nxd6 Qxd6 24. Ng3 Nb4 25. Bf4 Qxd4 26. h4 h6 27. Qg4 Nd3 28. Ne2 Qxf2+ 0-1

[Event "Berlin Unicorn op"]
[Site "Berlin"]
[Date "2008.05.01"]
[Round "2"]
[White "Boutsioukis, Dimitrios"]
[Black "Semme, Lothar"]
[Result "1/2-1/2"]
[WhiteElo "1541"]
[BlackElo "1868"]
[PlyCount "131"]
[EventDate "2008.04.30"]
[EventType "swiss"]
[EventRounds "7"]
[EventCountry "GER"]
[SourceTitle "CBM 124 Extra"]
[Source "ChessBase"]
[SourceDate "2008.07.03"]
[SourceVersion "1"]
[SourceVersionDate "2008.07.03"]
[SourceQuality "1"]

1. f4 e5 2. fxe5 d6 3. exd6 Bxd6 4. Nf3 Bg4 5. d4 Bxf3 6. exf3 Qh4+ 7. Ke2 Nc6 8. Be3 0-0-0 9. c3 Nge7 10. Bf2 Qh6 11. Qd3 Nd5 12. Qf5+ Qe6+ 13. Qxe6+ fxe6 14. Nd2 e5 15. Nb3 Rhe8 16. Kd2 exd4 17. Nxd4 Bf4+ 18. Kc2 Ndb4+ 19. Kb3 Be3 20. Nxc6 Nxc6 21. Bxe3 Rxe3 22. Kc2 Ne5 23. Rd1 Re8 24. Bd3 Nxd3 25. Rxd3 Re2+ 26. Rd2 c5 27. Rhd1 Kc7 28. Rxe2 Rxe2+ 29. Rd2 Re7 30. g3 Kc6 31. c4 g5 32. Kd3 a6 33. Re2 Rd7+ 34. Kc3 Rf7 35. Re3 Kc7 36. Kd3 Rd7+ 37. Ke2 Rg7 38. Re5 Kd6 39. Rd5+ Kc6 40. Kd3 h6 41. Ke4 Re7+ 42. Re5 Rd7 43. Re6+ Kc7 44. Rxh6 Rd4+ 45. Kf5 Rxc4 46. Kxg5 Rc2 47. f4 Rxb2 48. f5 c4 49. f6 c3 50. f7 c2 51. f8Q c1Q+ 52. Qf4+ Qxf4+ 53. gxf4 Rxa2 54. f5 Rg2+ 55. Kf6 a5 56. Ke7 a4 57. f6 Re2+ 58. Kf8 a3 59. Rh3 a2 60. Ra3 Rxh2 61. f7 Kd7 62. Rd3+ Kc6 63. Ra3 Kc5 64. Ke7 Re2+ 65. Kd7 Rf2 66. Ke7 1/2-1/2